| Поле | Инд. | ПП | Название | Значение |
|---|---|---|---|---|
| Тип записи | a | |||
| Библиографический уровень | b | |||
| 001 | Контрольный номер | RU/IS/BASE/128453589 | ||
| 005 | Дата корректировки | 20200526074525.6 | ||
| 084 | a | Индекс другой классификации/Индекс ББК | 71.044.2; 60.55-3 | |
| 100 | 1_ | a | Автор | Пригожин А. И. |
| 245 | a | Заглавие | Организационная культура и ее преобразование | |
| 650 | a | Основная рубрика | культурология | |
| a | Основная рубрика | социология | ||
| a | Основная рубрика | социология организаций | ||
| 653 | a | Ключевые слова | деловая культура | |
| a | Ключевые слова | организационная культура | ||
| a | Ключевые слова | типы организационной культуры | ||
| 773 | t | Заглавие источника | Общественные науки и современность | |
| d | Дата издания источника | 2003 | ||
| g | Прочая информация | № 5. - С. 12 - 22 : табл., схем. | ||
| w | Контрольный № источника | RU/IS/BASE/118154823 | ||
| 901 | t | Тип документа | b |